[Event "Biel Master Tournament"]
[Site "Biel"]
[Date "2011.07.26"]
[Round "8"]
[White "Maze, Sebastien"]
[Black "Tseitlin, Mark"]
[Result "1-0"]
[WhiteElo "2578"]
[BlackElo "2407"]
[PlyCount "87"]
[EventDate "2011.??.??"]
[EventCountry "SUI"]

1. e4 c5 2. Nf3 d6 3. d4 cxd4 4. Nxd4 Nf6 5. Nc3 a6 6. Bg5 Nbd7 7. f4 Qc7 8.
Qe2 e5 9. Nf5 h6 10. Bxf6 Nxf6 11. Ne3 exf4 12. Ned5 Nxd5 13. Nxd5 Qa5+ 14. c3
Be6 15. O-O-O O-O-O 16. Kb1 Kb8 17. Qf2 g5 18. g3 fxg3 19. Qf6 Rg8 20. b4 Bg7
21. bxa5 Bxf6 22. Nxf6 Rg6 23. Nd5 gxh2 24. Rxh2 h5 25. Be2 h4 26. Ne3 Rc8 27.
Kb2 Rc5 28. Rxd6 Rxa5 29. Bc4 Re5 30. Rd4 Rf6 31. Kc2 Rf3 32. Bxe6 Rxe6 33. Ng4
Rc6 34. Rd3 Rf4 35. Ne5 Rc8 36. Rg2 Rh8 37. Rh3 Rg8 38. Ng4 Kc7 39. e5 Re8 40.
Rd3 Rd8 41. Nf6 Ra4 42. Rxd8 Kxd8 43. Kb3 h3 44. Rd2+ 1-0

[Event "Biel Master Tournament"]
[Site "Biel"]
[Date "2011.07.26"]
[Round "8"]
[White "Bozinovic, Bogdan"]
[Black "Alsina Leal, Daniel"]
[Result "0-1"]
[WhiteElo "2199"]
[BlackElo "2549"]
[PlyCount "94"]
[EventDate "2011.??.??"]
[EventCountry "SUI"]

1. d4 Nf6 2. Nf3 g6 3. Bf4 Bg7 4. e3 O-O 5. Bd3 c5 6. c3 cxd4 7. exd4 d6 8. O-O
Nc6 9. Re1 Re8 10. Na3 Nh5 11. Be3 e5 12. Bb5 a6 13. Bxc6 bxc6 14. dxe5 dxe5
15. Qxd8 Rxd8 16. Nc4 f6 17. Nb6 Rb8 18. Nxc8 Rdxc8 19. g4 Nf4 20. Bxf4 exf4
21. Re2 c5 22. Rd1 Re8 23. Rxe8+ Rxe8 24. Kf1 Rb8 25. Rd2 Bf8 26. c4 a5 27. Ne1
a4 28. Nd3 g5 29. Ke1 Kf7 30. Kd1 Bd6 31. Re2 h5 32. h3 hxg4 33. hxg4 Rh8 34.
f3 Rh3 35. Rf2 f5 36. gxf5 g4 37. Ke2 g3 38. Rg2 Rh1 39. Kd2 Kf6 40. Ne1 Kxf5
41. Re2 Be5 42. b3 axb3 43. axb3 Bd4 44. Ng2 Rb1 45. Ne1 Rxb3 46. Nd3 Rxd3+ 47.
Kxd3 Bf2 0-1

[Event "Biel Master Tournament"]
[Site "Biel"]
[Date "2011.07.26"]
[Round "8"]
[White "Megaranto, Susanto"]
[Black "Purnama, Tirta Chandra"]
[Result "0-1"]
[WhiteElo "2544"]
[BlackElo "2379"]
[PlyCount "24"]
[EventDate "2011.??.??"]
[EventCountry "SUI"]

1. e4 e5 2. Nf3 Nc6 3. Bb5 f5 4. exf5 e4 5. Qe2 Qe7 6. Bxc6 dxc6 7. Nd4 Nf6 8.
Nc3 Qe5 9. Nb3 Bd6 10. g4 h5 11. g5 Nd5 12. Qxe4 Nb4 0-1

[Event "Biel Master Tournament"]
[Site "Biel"]
[Date "2011.07.27"]
[Round "9"]
[White "Bogner, Sebastian"]
[Black "Cheparinov, Ivan"]
[Result "1-0"]
[WhiteElo "2528"]
[BlackElo "2669"]
[PlyCount "65"]
[EventDate "2011.??.??"]
[EventCountry "SUI"]
[WhiteTeam "Waldshut.Tiengen"]

1. d4 f5 2. Nf3 Nf6 3. g3 g6 4. Bg2 Bg7 5. O-O O-O 6. b3 d6 7. Bb2 Ne4 8. Nbd2
Nc6 9. Ne1 Nxd2 10. Qxd2 e5 11. Bd5+ Kh8 12. Bxc6 bxc6 13. dxe5 f4 14. Nd3 dxe5
15. Qc3 Qe8 16. gxf4 Bh3 17. Rfe1 Qe6 18. f3 Rae8 19. fxe5 Qf5 20. Kh1 Qh5 21.
Qxc6 Re6 22. Qe4 g5 23. Rg1 Bf5 24. Qe3 g4 25. fxg4 Bxg4 26. Nf4 Qg5 27. Rxg4
Qxg4 28. Nxe6 Qxe6 29. Qe4 Bh6 30. Rd1 Rf4 31. Qd5 Rf1+ 32. Kg2 Rg1+ 33. Kxg1
1-0

[Event "Biel Master Tournament"]
[Site "Biel"]
[Date "2011.07.27"]
[Round "9"]
[White "Holzke, Frank"]
[Black "Baklan, Vladimir"]
[Result "0-1"]
[WhiteElo "2497"]
[BlackElo "2620"]
[PlyCount "72"]
[EventDate "2011.??.??"]
[EventCountry "SUI"]

1. c4 Nf6 2. Nc3 e6 3. e4 c5 4. e5 Ng8 5. Nf3 d6 6. exd6 Bxd6 7. d4 cxd4 8.
Nxd4 a6 9. Be2 Nf6 10. O-O O-O 11. Bg5 Qc7 12. Ndb5 axb5 13. Nxb5 Bxh2+ 14. Kh1
Qe7 15. g3 h6 16. Be3 Bxg3 17. fxg3 Ne4 18. Qe1 Nc6 19. Bd3 f5 20. Bb6 Bd7 21.
Bxe4 fxe4 22. Qxe4 Qg5 23. Bc7 Ne5 24. Nd4 Ng4 25. Kg1 Qh5 26. Qe2 e5 27. Nf3
Bc6 28. Bd6 Rf6 29. Be7 Rf7 30. Bh4 Raf8 31. Nh2 Rf2 32. Rxf2 Rxf2 33. Qxg4
Rg2+ 34. Kf1 Qf7+ 35. Nf3 Bxf3 36. Qc8+ Kh7 0-1

[Event "Biel Master Tournament"]
[Site "Biel"]
[Date "2011.07.27"]
[Round "9"]
[White "Saleh, Salem A. R"]
[Black "Bauer, Christian"]
[Result "0-1"]
[WhiteElo "2493"]
[BlackElo "2637"]
[PlyCount "98"]
[EventDate "2011.??.??"]
[EventCountry "SUI"]
[BlackTeam "Montpellier"]

1. d4 g6 2. c4 Bg7 3. Nc3 c5 4. d5 Bxc3+ 5. bxc3 f5 6. h4 Nf6 7. h5 Rg8 8. hxg6
hxg6 9. e4 fxe4 10. Qa4 Qb6 11. Bg5 Kd8 12. Ne2 d6 13. Ng3 Bf5 14. Bxf6 exf6
15. Qc2 Qc7 16. Be2 Qe7 17. Rb1 Kc7 18. Qb3 Bc8 19. Nf1 f5 20. g3 Nd7 21. Ne3
Ne5 22. Kd2 Qg7 23. Qb5 b6 24. a4 Bd7 25. Qa6 Rgb8 26. a5 Qg8 27. Rh6 Qc8 28.
Qxc8+ Rxc8 29. a6 Rh8 30. Rbh1 Rxh6 31. Rxh6 Rg8 32. Rh7 Kb8 33. Bd1 Rf8 34.
Bb3 Bc8 35. Ba4 Bxa6 36. Bb5 Bc8 37. Ke2 g5 38. g4 fxg4 39. Rg7 Nd3 40. Nd1 g3
41. fxg3 Bg4+ 42. Kd2 Rf1 43. Ba4 Re1 44. Rg8+ Kc7 45. Rg7+ Kd8 46. Rg8+ Kc7
47. Rg7+ Kd8 48. Rg8+ Ke7 49. Re8+ Kf6 0-1

[Event "Biel Master Tournament"]
[Site "Biel"]
[Date "2011.07.27"]
[Round "9"]
[White "Gleizerov, Evgeny"]
[Black "Tischbierek, Raj"]
[Result "0-1"]
[WhiteElo "2590"]
[BlackElo "2436"]
[PlyCount "176"]
[EventDate "2011.??.??"]
[EventCountry "SUI"]

1. d4 d5 2. c4 c6 3. Nf3 Nf6 4. Nc3 dxc4 5. a4 Bf5 6. e3 e6 7. Bxc4 Bb4 8. O-O
Nbd7 9. Nh4 Bg6 10. Qb3 a5 11. g3 Qc7 12. Nxg6 hxg6 13. Rd1 O-O 14. Qc2 Rad8
15. e4 e5 16. Be3 Ng4 17. Bg5 Ndf6 18. h3 exd4 19. hxg4 dxc3 20. bxc3 Bc5 21.
Bf4 Qe7 22. e5 Nd5 23. g5 Qe6 24. Qb3 Rd7 25. Bxd5 cxd5 26. Kg2 Rfd8 27. Rd2 b6
28. Rad1 Qc6 29. f3 d4 30. cxd4 Rxd4 31. Rxd4 Rxd4 32. Rxd4 Bxd4 33. Kf1 Kf8
34. Ke2 Ke7 35. Be3 Bxe3 36. Kxe3 Qc5+ 37. Ke4 Qc6+ 38. Kf4 Qc1+ 39. Qe3 Qb1
40. Qe4 Qc1+ 41. Kg4 Qc8+ 42. Kf4 Ke6 43. Qd4 Qc1+ 44. Kg4 Qc6 45. f4 Ke7 46.
Qe3 Qh1 47. f5 Qd1+ 48. Kh3 gxf5 49. Kh2 Qc2+ 50. Kh3 Qe4 51. Qg1 Qg4+ 52. Kh2
f4 53. gxf4 Qxf4+ 54. Kh3 Qf3+ 55. Kh4 g6 56. Qd4 Qh5+ 57. Kg3 Qxg5+ 58. Kf3
Qf5+ 59. Kg3 Qe6 60. Qc3 Kf8 61. Qd4 Qc6 62. Kf4 Ke7 63. Kg5 Qc1+ 64. Kg4 Qc5
65. Qa1 Qb4+ 66. Kf3 Qb3+ 67. Kf2 Ke6 68. Qd4 Qb4 69. Qd8 Qc5+ 70. Kf1 Kxe5 71.
Qe8+ Kf6 72. Qh8+ Ke7 73. Qh4+ g5 74. Qe4+ Kf6 75. Kg2 Kg7 76. Kf3 f5 77. Qe6
Qc3+ 78. Kf2 Qf6 79. Qd7+ Kh6 80. Kg3 Qe5+ 81. Kg2 Qe4+ 82. Kg1 Kh5 83. Kh2
Qe2+ 84. Kh1 Qf3+ 85. Kh2 Kg4 86. Kg1 Qe3+ 87. Kf1 Kg3 88. Qc7+ Qf4+ 0-1

[Event "Biel Master Tournament"]
[Site "Biel"]
[Date "2011.07.27"]
[Round "9"]
[White "Nyzhnyk, Illya"]
[Black "Haimovich, Tal"]
[Result "1-0"]
[WhiteElo "2589"]
[BlackElo "2419"]
[PlyCount "85"]
[EventDate "2011.??.??"]
[EventCountry "SUI"]

1. d4 Nf6 2. c4 e6 3. Nf3 d5 4. Nc3 Bb4 5. Qa4+ Nc6 6. Bg5 h6 7. Bxf6 Qxf6 8.
e3 O-O 9. Be2 a6 10. Qb3 Rd8 11. O-O dxc4 12. Qxc4 Bd7 13. Rac1 Qe7 14. Ne4
Rac8 15. a3 Bd6 16. Qb3 Rb8 17. Nfd2 Rdc8 18. f4 Nd8 19. Nc4 Bc6 20. Nexd6 cxd6
21. Nb6 Rc7 22. Qc2 Qe8 23. e4 d5 24. e5 Qf8 25. b4 f5 26. Qc5 g5 27. a4 Rg7
28. b5 axb5 29. axb5 Be8 30. Qd6 Qxd6 31. exd6 gxf4 32. Rc7 Nf7 33. d7 Bxd7 34.
Rxd7 Ng5 35. Rxg7+ Kxg7 36. Rxf4 Rd8 37. Rf1 Rd6 38. Nc8 Rd8 39. Rc1 Kf6 40.
Rc7 Ne4 41. Nb6 Nd6 42. Kf2 f4 43. Bd3 1-0

[Event "Biel Master Tournament"]
[Site "Biel"]
[Date "2011.07.27"]
[Round "9"]
[White "Raetsky, Alexander"]
[Black "Sokolov, Andrei"]
[Result "1/2-1/2"]
[WhiteElo "2425"]
[BlackElo "2579"]
[PlyCount "20"]
[EventDate "2011.??.??"]
[EventCountry "SUI"]
[BlackTeam "Belfort"]

1. d4 Nf6 2. c4 e6 3. g3 d5 4. Bg2 Bb4+ 5. Bd2 Be7 6. Nf3 O-O 7. O-O c6 8. Qb3
b6 9. Nc3 Ba6 10. cxd5 cxd5 1/2-1/2

[Event "Biel Master Tournament"]
[Site "Biel"]
[Date "2011.07.27"]
[Round "9"]
[White "Bok, Benjamin"]
[Black "Maze, Sebastien"]
[Result "1/2-1/2"]
[WhiteElo "2507"]
[BlackElo "2578"]
[PlyCount "134"]
[EventDate "2011.??.??"]
[EventCountry "SUI"]

1. e4 e5 2. Nf3 Nc6 3. Bb5 a6 4. Ba4 Nge7 5. c3 g6 6. d4 exd4 7. cxd4 Bg7 8. d5
b5 9. Bc2 Na5 10. Bd2 Nc4 11. Bc3 O-O 12. Bxg7 Kxg7 13. a4 Bb7 14. Nc3 f6 15.
O-O c6 16. axb5 cxb5 17. b3 Ne5 18. Nxe5 fxe5 19. Qd2 d6 20. Bd3 Qb6 21. Kh1
Ng8 22. f3 Rac8 23. Ne2 Nf6 24. h3 Nh5 25. g3 Rf7 26. f4 Qd8 27. fxe5 Rxf1+ 28.
Rxf1 dxe5 29. g4 Nf6 30. Ng3 Nd7 31. Kg2 Qe7 32. b4 Rf8 33. Rxf8 Qxf8 34. Qg5
Kf7 35. Qc1 Ke7 36. Qc7 Qc8 37. Qxc8 Bxc8 38. Ne2 g5 39. Kg3 Nf6 40. Nc3 Kd6
41. Be2 Kc7 42. Kf2 Kb6 43. Ke3 h6 44. Kd2 Bd7 45. Kc2 a5 46. Kb3 Be8 47. Ka3
a4 48. Bf3 Bg6 49. Kb2 Ne8 50. Be2 Nd6 51. Bd3 h5 52. Ka2 Be8 53. Nd1 hxg4 54.
hxg4 Bd7 55. Nf2 Nc4 56. Be2 Ne3 57. Kb2 Kc7 58. Kc3 Kd6 59. Kb2 Ke7 60. Kc3
Ng2 61. Kb2 Be8 62. Nd3 Nf4 63. Bf1 Kd6 64. Nc5 Kc7 65. Na6+ Kd6 66. Nc5 Kc7
67. Na6+ Kd6 1/2-1/2

[Event "Biel Master Tournament"]
[Site "Biel"]
[Date "2011.07.27"]
[Round "9"]
[White "Alsina Leal, Daniel"]
[Black "Pruess, David"]
[Result "1/2-1/2"]
[WhiteElo "2549"]
[BlackElo "2363"]
[PlyCount "82"]
[EventDate "2011.??.??"]
[EventCountry "SUI"]

1. e4 c6 2. d4 d5 3. e5 Bf5 4. Nf3 e6 5. Be2 Nd7 6. O-O Bg6 7. Nbd2 Nh6 8. Nb3
Nf5 9. Ne1 c5 10. c3 Qb6 11. g3 Be7 12. Ng2 cxd4 13. cxd4 Nb8 14. g4 Nh4 15.
Nxh4 Bxh4 16. f4 Be4 17. Be3 Nc6 18. Qd2 Be7 19. Bf3 Bxf3 20. Rxf3 h5 21. Rh3
g6 22. f5 O-O-O 23. gxh5 gxf5 24. Kh1 Rdg8 25. Rg1 Qa6 26. Nc1 Qc4 27. b3 Qa6
28. h6 Rxg1+ 29. Kxg1 Bf8 30. h7 Qb6 31. Qg2 Ne7 32. Ne2 Ng6 33. Bh6 Qb4 34.
Kf2 Bxh6 35. Rxh6 Kd7 36. h4 Qf8 37. Qg5 Qe7 38. Qg3 Qf8 39. Qg5 Qe7 40. Qh5
Qf8 41. Qg5 Qe7 1/2-1/2

[Event "Biel Master Tournament"]
[Site "Biel"]
[Date "2011.07.27"]
[Round "9"]
[White "Purnama, Tirta Chandra"]
[Black "Bakre, Tejas"]
[Result "1-0"]
[WhiteElo "2379"]
[BlackElo "2522"]
[PlyCount "55"]
[EventDate "2011.??.??"]
[EventCountry "SUI"]

1. d4 Nf6 2. Nf3 d5 3. c4 e6 4. Nc3 Bb4 5. cxd5 exd5 6. Bg5 Nbd7 7. Qc2 c5 8.
a3 Qa5 9. Bd2 c4 10. g3 O-O 11. Bg2 Bxc3 12. Bxc3 Qc7 13. Ne5 Nxe5 14. dxe5 Ng4
15. Rd1 Be6 16. O-O Rfd8 17. e4 d4 18. Bxd4 Nxe5 19. f4 Nc6 20. Bc3 f6 21. h3
h5 22. e5 f5 23. Qf2 Rxd1 24. Rxd1 Nd8 25. Qf3 Bd7 26. Qd5+ Ne6 27. Kh2 a6 28.
Ba5 {Rest unleserlich} 1-0

[Event "Biel Master Tournament"]
[Site "Biel"]
[Date "2011.07.27"]
[Round "9"]
[White "Khmelniker, Ilya"]
[Black "Weber, Tom"]
[Result "1/2-1/2"]
[WhiteElo "2510"]
[BlackElo "2324"]
[PlyCount "33"]
[EventDate "2011.??.??"]
[EventCountry "SUI"]

1. d4 d5 2. Nf3 Nf6 3. c4 e6 4. Nc3 Be7 5. Bg5 h6 6. Bh4 O-O 7. e3 Ne4 8. Bxe7
Qxe7 9. Rc1 c6 10. Be2 Nd7 11. O-O Nxc3 12. Rxc3 dxc4 13. Ne5 Nxe5 14. dxe5 Rd8
15. Qc2 b5 16. b3 Bb7 17. bxc4 1/2-1/2

[Event "Biel Master Tournament"]
[Site "Biel"]
[Date "2011.07.27"]
[Round "9"]
[White "Sukandar, Irine Kharisma"]
[Black "Wirig, Anthony"]
[Result "0-1"]
[WhiteElo "2366"]
[BlackElo "2510"]
[PlyCount "84"]
[EventDate "2011.??.??"]
[EventCountry "SUI"]

1. e4 c5 2. Nf3 d6 3. d4 cxd4 4. Nxd4 Nf6 5. Nc3 a6 6. Bg5 Nbd7 7. f4 Qc7 8.
Qf3 h6 9. Bh4 g5 10. fxg5 hxg5 11. Bg3 e6 12. O-O-O Be7 13. Bd3 Ne5 14. Qe2 Nh5
15. Nf3 Nxg3 16. hxg3 Rxh1 17. Rxh1 Bf6 18. Rh5 Bd7 19. Nxe5 Bxe5 20. Rxg5 Ke7
21. Nd1 Qa5 22. Kb1 Rh8 23. Rh5 Rxh5 24. Qxh5 Qe1 25. Qg5+ Kf8 26. Qh6+ Ke8 27.
Qh5 Bc6 28. Qg4 Qd2 29. Be2 Ba4 30. b3 Bc6 31. Qg8+ Ke7 32. Bh5 Bxe4 33. Qc8
Bg6 34. Qxb7+ Kf8 35. Qc8+ Kg7 36. Bf3 Qd4 37. Kc1 Qa1+ 38. Kd2 Qxa2 39. Ne3
Bxg3 40. Qc4 Be5 41. Be2 Qa1 42. Ng4 d5 0-1

[Event "Biel Master Tournament"]
[Site "Biel"]
[Date "2011.07.27"]
[Round "9"]
[White "Halay, Taufik"]
[Black "Meins, Gerlef"]
[Result "1/2-1/2"]
[WhiteElo "2341"]
[BlackElo "2505"]
[PlyCount "83"]
[EventDate "2011.??.??"]
[EventCountry "SUI"]

1. d4 d5 2. c4 dxc4 3. e3 Nf6 4. Bxc4 e6 5. Nf3 c5 6. O-O a6 7. Re1 Nc6 8. Nc3
Be7 9. dxc5 Qxd1 10. Rxd1 Bxc5 11. a3 Bd7 12. b4 Ba7 13. Bb2 Ke7 14. h3 Rhc8
15. Be2 Be8 16. Kf1 Rd8 17. Rxd8 Rxd8 18. Rd1 Rxd1+ 19. Bxd1 Nd7 20. Bb3 f6 21.
Ne2 Bf7 22. Bc2 e5 23. Nd2 g6 24. g4 Nb6 25. Ng3 Nc4 26. Nxc4 Bxc4+ 27. Ke1 Ke6
28. Ne4 Nd8 29. Kd2 Nf7 30. f4 f5 31. gxf5+ gxf5 32. Ng3 e4 33. Nh5 Nd6 34. Be5
Ke7 35. Ng7 Be6 36. Nxe6 Nc4+ 37. Kc3 Nxe5 38. Nd4 Bxd4+ 39. Kxd4 Nf3+ 40. Kc5
Ne1 41. Bb3 Ng2 42. Kd4 1/2-1/2

[Event "Biel Master Tournament"]
[Site "Biel"]
[Date "2011.07.28"]
[Round "10"]
[White "Kovchan, Alexander"]
[Black "Al-Sayed, Mohammed"]
[Result "1-0"]
[WhiteElo "2554"]
[BlackElo "2498"]
[PlyCount "85"]
[EventDate "2011.??.??"]
[EventCountry "SUI"]

1. e4 c5 2. Nf3 d6 3. d4 cxd4 4. Nxd4 Nf6 5. Nc3 a6 6. Be2 g6 7. Be3 Nbd7 8.
O-O Bg7 9. a4 O-O 10. a5 Ne5 11. h3 Qc7 12. Bg5 b5 13. Bxf6 Bxf6 14. Nd5 Qa7
15. Nxf6+ exf6 16. Ra3 Bb7 17. Re3 Rad8 18. c3 Rfe8 19. Re1 Qc5 20. b4 Qc7 21.
Bf1 Re7 22. Rg3 Kh8 23. Qd2 Bc8 24. Nc2 Rde8 25. Rd1 Bb7 26. Qf4 Nd7 27. Qxd6
Qxd6 28. Rxd6 Bxe4 29. Nd4 Bb7 30. Re3 Rxe3 31. fxe3 Re7 32. c4 bxc4 33. Bxc4
Kg7 34. Bxa6 Bxa6 35. Rxa6 Rxe3 36. Rd6 Ne5 37. a6 Re1+ 38. Kh2 Ra1 39. b5 h5
40. Nc6 Nc4 41. Rd3 Nb6 42. a7 Rb1 43. Rd8 1-0

[Event "Biel Master Tournament"]
[Site "Biel"]
[Date "2011.07.28"]
[Round "10"]
[White "Stevic, Hrvoje"]
[Black "Grachev, Boris"]
[Result "1/2-1/2"]
[WhiteElo "2619"]
[BlackElo "2680"]
[PlyCount "58"]
[EventDate "2011.??.??"]
[EventCountry "SUI"]

1. e4 c5 2. c3 d5 3. exd5 Qxd5 4. d4 Nf6 5. Nf3 e6 6. Be3 cxd4 7. cxd4 Bb4+ 8.
Nc3 O-O 9. Bd3 b6 10. O-O Bxc3 11. bxc3 Ba6 12. Bxa6 Nxa6 13. Qe2 Nb8 14. c4
Qe4 15. Ne5 Nbd7 16. f3 Qb7 17. Nxd7 Nxd7 18. a4 Rfc8 19. a5 h6 20. Rfc1 Qc6
21. Qd2 Qd6 22. Bf4 e5 23. dxe5 Qxd2 24. Bxd2 Nxe5 25. axb6 axb6 26. Rxa8 Rxa8
27. Be3 Rc8 28. Bxb6 Rxc4 29. Rxc4 Nxc4 1/2-1/2

[Event "Biel Master Tournament"]
[Site "Biel"]
[Date "2011.07.28"]
[Round "10"]
[White "Brkic, Ante"]
[Black "Bu, Xiangzhi"]
[Result "1-0"]
[WhiteElo "2598"]
[BlackElo "2675"]
[PlyCount "93"]
[EventDate "2011.??.??"]
[EventCountry "SUI"]

1. e4 e5 2. Nf3 d6 3. d4 exd4 4. Nxd4 Nf6 5. Nc3 Be7 6. g3 Nc6 7. Nxc6 bxc6 8.
Bg2 O-O 9. O-O Nd7 10. b3 Bf6 11. Bb2 Rb8 12. f4 c5 13. e5 dxe5 14. Ne4 exf4
15. Nxf6+ Nxf6 16. Rxf4 Qxd1+ 17. Rxd1 Be6 18. Ra4 Rfd8 19. Rxd8+ Rxd8 20. Rxa7
Rd1+ 21. Kf2 h5 22. Bf3 Ng4+ 23. Ke2 Rb1 24. Bc3 Bf5 25. h3 Nh2 26. Bxh5 f6 27.
Rxc7 Rc1 28. g4 Rxc2+ 29. Bd2 Be4 30. Ke3 Kh7 31. Kxe4 Rxd2 32. a4 Rd4+ 33. Ke3
Nf1+ 34. Kf2 Rf4+ 35. Ke1 Nh2 36. Bf7 Nf3+ 37. Kd1 Rd4+ 38. Kc2 Rd2+ 39. Kc3
Rh2 40. Rxc5 Ne5 41. Bc4 Rxh3+ 42. Kb4 Rh1 43. a5 Ra1 44. Bb5 Nxg4 45. a6 Ne5
46. Rxe5 fxe5 47. Ba4 1-0

[Event "Biel Master Tournament"]
[Site "Biel"]
[Date "2011.07.28"]
[Round "10"]
[White "Gharamian, Tigran"]
[Black "Ulibin, Mikhail"]
[Result "1-0"]
[WhiteElo "2670"]
[BlackElo "2538"]
[PlyCount "105"]
[EventDate "2011.??.??"]
[EventCountry "SUI"]

1. d4 e6 2. c4 f5 3. g3 Nf6 4. Bg2 c6 5. Nf3 d5 6. O-O Bd6 7. Qc2 O-O 8. Nc3
Bd7 9. Rb1 Be8 10. b4 dxc4 11. b5 a6 12. b6 Nbd7 13. Na4 f4 14. Qxc4 Nd5 15.
Nd2 Bg6 16. Ne4 Be7 17. Rb2 Ba3 18. Rb3 Bxc1 19. Qxc1 Bxe4 20. Bxe4 Qf6 21. Qc2
Qxd4 22. Bxh7+ Kh8 23. Rd3 Qf6 24. Rb3 Qd4 25. Qe4 Qf6 26. Bg6 Ne5 27. Bh5 Qg5
28. Bf3 fxg3 29. Nc5 gxh2+ 30. Kh1 Nf4 31. Bg2 Neg6 32. Nxe6 Qf6 33. Nxf8 Rxf8
34. Rg3 Nh4 35. Bf3 g5 36. Bg4 Kg7 37. a4 a5 38. e3 Nd5 39. Be6 Nf3 40. Bxd5
cxd5 41. Qxd5 Rf7 42. Rd1 Kh6 43. Qd6 Qxd6 44. Rxd6+ Kh5 45. Rd5 Kh4 46. Rxa5
g4 47. Rd5 Rf6 48. a5 Rc6 49. Rxf3 gxf3 50. Kxh2 Rg6 51. Rd4+ Kh5 52. Kh3 Rg2
53. a6 1-0

[Event "Biel Master Tournament"]
[Site "Biel"]
[Date "2011.07.28"]
[Round "10"]
[White "Baklan, Vladimir"]
[Black "Bogner, Sebastian"]
[Result "1/2-1/2"]
[WhiteElo "2620"]
[BlackElo "2528"]
[PlyCount "69"]
[EventDate "2011.??.??"]
[EventCountry "SUI"]
[BlackTeam "Waldshut.Tiengen"]

1. e4 c5 2. Nf3 d6 3. d4 cxd4 4. Nxd4 Nf6 5. Nc3 a6 6. a4 e5 7. Nf3 Qc7 8. Be3
Nbd7 9. a5 Nc5 10. Nd2 Be6 11. Be2 Be7 12. O-O O-O 13. Bf3 Rac8 14. Qe2 Rfe8
15. Rfd1 h6 16. Nf1 Bf8 17. Ng3 Ncd7 18. h3 Kh7 19. Nh5 Nxh5 20. Bxh5 Nf6 21.
Bf3 g6 22. Qd2 Qc4 23. Ra4 Qc6 24. Rb4 Qc7 25. Nd5 Bxd5 26. exd5 e4 27. Be2 Nd7
28. Ra1 Bg7 29. c3 f5 30. Ra3 Rb8 31. c4 Nc5 32. Rb6 Nd7 33. Rb4 Nc5 34. Rb6
Nd7 35. Rb4 1/2-1/2

[Event "Biel Master Tournament"]
[Site "Biel"]
[Date "2011.07.28"]
[Round "10"]
[White "Bauer, Christian"]
[Black "Purnama, Tirta Chandra"]
[Result "1-0"]
[WhiteElo "2637"]
[BlackElo "2379"]
[PlyCount "43"]
[EventDate "2011.??.??"]
[EventCountry "SUI"]
[WhiteTeam "Montpellier"]

1. e4 e5 2. Nf3 Nc6 3. Bb5 f5 4. d3 fxe4 5. dxe4 Nf6 6. O-O Bc5 7. Bg5 d6 8.
Nc3 a6 9. Bc4 Bg4 10. Nd5 Na5 11. Be2 c6 12. Nxf6+ gxf6 13. Bd2 Bxf3 14. gxf3
f5 15. b4 Ba7 16. Kh1 Qh4 17. Be3 Bxe3 18. fxe3 d5 19. bxa5 fxe4 20. Qe1 Qh3
21. fxe4 Rg8 22. Qf2 1-0

[Event "Biel Master Tournament"]
[Site "Biel"]
[Date "2011.07.28"]
[Round "10"]
[White "Cheparinov, Ivan"]
[Black "Arnold, Marc"]
[Result "1/2-1/2"]
[WhiteElo "2669"]
[BlackElo "2445"]
[PlyCount "66"]
[EventDate "2011.??.??"]
[EventCountry "SUI"]

1. d4 Nf6 2. c4 e6 3. Nf3 d5 4. Nc3 dxc4 5. e4 Bb4 6. Bxc4 Nxe4 7. O-O Bxc3 8.
bxc3 Nxc3 9. Qb3 Nd5 10. Ba3 f6 11. Rae1 c6 12. Nd2 b5 13. Qg3 Kf7 14. Bd3 b4
15. Bc1 Ba6 16. Bxa6 Nxa6 17. Rxe6 Qc7 18. Rd6 Rhd8 19. Nc4 Nc3 20. Kh1 Ne4 21.
Ne5+ fxe5 22. Qf3+ Kg8 23. Rxd8+ Rxd8 24. Qxe4 Rxd4 25. Qe2 Nc5 26. Be3 Rd5 27.
Qc4 Nd3 28. h3 g6 29. Kg1 Qd7 30. Bh6 Qe6 31. Qa6 Qd7 32. Qc4 Qe6 33. Qa6 Qd7
1/2-1/2

[Event "Biel Master Tournament"]
[Site "Biel"]
[Date "2011.07.28"]
[Round "10"]
[White "Cherniaev, Alexander"]
[Black "Alsina Leal, Daniel"]
[Result "1-0"]
[WhiteElo "2440"]
[BlackElo "2549"]
[PlyCount "109"]
[EventDate "2011.??.??"]
[EventCountry "SUI"]
[WhiteTeam "Arkhangelsk"]

1. e4 e6 2. c3 d5 3. e5 c5 4. f4 Nc6 5. Nf3 Nge7 6. Na3 Ng6 7. g3 f6 8. d4 cxd4
9. cxd4 fxe5 10. dxe5 Bb4+ 11. Kf2 O-O 12. Kg2 Bd7 13. Bd3 Qe8 14. Nc2 Rc8 15.
h4 Bc5 16. h5 Nge7 17. Bd2 Nd8 18. Qe2 a6 19. Rac1 Bb5 20. Bxb5 axb5 21. Ncd4
b4 22. Qb5 b6 23. Qd3 h6 24. Nb5 Qd7 25. a4 Ndc6 26. g4 d4 27. Kg3 Nd5 28. Rhe1
Ra8 29. Ra1 Nc7 30. Nxc7 Qxc7 31. b3 Qd7 32. Rab1 Ne7 33. Rbc1 Nd5 34. Rc4 Rad8
35. Nh4 Qb7 36. Qf3 Qa7 37. Ng6 Rfe8 38. f5 Qf7 39. Kh3 Ne3 40. Bxe3 dxe3 41.
f6 Rd3 42. Rf4 Red8 43. Re2 Rd2 44. Kg3 Rxe2 45. Qxe2 gxf6 46. Rxf6 Qb7 47. Qc2
Qh7 48. Qe4 Qd7 49. Nf4 Qh7 50. Qc4 Re8 51. Rxe6 Rxe6 52. Qxe6+ Qf7 53. Kf3 Kg7
54. Qxf7+ Kxf7 55. Nd3 1-0

[Event "Biel Master Tournament"]
[Site "Biel"]
[Date "2011.07.28"]
[Round "10"]
[White "Barus, Cerdas"]
[Black "Khmelniker, Ilya"]
[Result "0-1"]
[WhiteElo "2420"]
[BlackElo "2510"]
[PlyCount "65"]
[EventDate "2011.??.??"]
[EventCountry "SUI"]

1. d4 Nf6 2. c4 g6 3. Nc3 d5 4. Nf3 Bg7 5. Bg5 Ne4 6. Bh4 Nxc3 7. bxc3 dxc4 8.
Qa4+ Qd7 9. Qxc4 b6 10. Bg3 c5 11. Ne5 Bxe5 12. Bxe5 Ba6 13. Qb3 O-O 14. Bxb8
Raxb8 15. e3 Bxf1 16. Kxf1 cxd4 17. cxd4 Rfc8 18. h4 Rc6 19. Kg1 Rbc8 20. Qd1
h5 21. Kh2 Qd6+ 22. f4 Rc2 23. Re1 Qf6 24. Kg3 Qe6 25. a4 Rb2 26. Qf3 Rcc2 27.
Kh2 Rf2 28. d5 Qf5 29. e4 Qf6 30. Qg3 Rxf4 31. e5 Qxh4+ 32. Qxh4 Rxh4+ 33. Kg1
0-1

[Event "Biel Master Tournament"]
[Site "Biel"]
[Date "2011.07.28"]
[Round "10"]
[White "Wirig, Anthony"]
[Black "Gershenov, Benjamin"]
[Result "1-0"]
[WhiteElo "2510"]
[BlackElo "2106"]
[PlyCount "53"]
[EventDate "2011.??.??"]
[EventCountry "SUI"]

1. e4 e6 2. d4 d5 3. Nc3 Bb4 4. e5 Ne7 5. a3 Bxc3+ 6. bxc3 c5 7. Qg4 cxd4 8.
Bd3 dxc3 9. Qxg7 Rg8 10. Qxh7 Nd7 11. Nf3 Qc7 12. Bf4 b6 13. O-O Bb7 14. Bg3
O-O-O 15. Nd4 Rxg3 16. hxg3 Nxe5 17. Rfe1 N7c6 18. Nb5 Qe7 19. Nxa7+ Nxa7 20.
Rxe5 Nc6 21. Rh5 e5 22. Rf5 Rf8 23. Qh6 f6 24. Re1 Nd4 25. Rexe5 Qxa3 26. Rxf6
Rd8 27. Re1 1-0

[Event "Biel Master Tournament"]
[Site "Biel"]
[Date "2011.07.28"]
[Round "10"]
[White "Pruess, David"]
[Black "Bok, Benjamin"]
[Result "1-0"]
[WhiteElo "2363"]
[BlackElo "2507"]
[PlyCount "149"]
[EventDate "2011.??.??"]
[EventCountry "SUI"]

1. d4 Nf6 2. Nf3 g6 3. Nbd2 d5 4. e3 Bg7 5. b4 O-O 6. Be2 c6 7. c4 a5 8. b5 Ne4
9. Bb2 a4 10. Rc1 cxb5 11. cxb5 Nd6 12. Ba3 Bf5 13. O-O Nd7 14. Nb1 Nb6 15. Nc3
Ndc4 16. Bc5 Re8 17. h3 h5 18. Re1 e6 19. Nh2 h4 20. Nf3 Bh6 21. Bf1 Qf6 22.
Ne5 Nxe5 23. Bxb6 Nd7 24. Bc7 Qe7 25. b6 Qb4 26. Nb5 Bf8 27. f3 g5 28. e4 Bg6
29. Rb1 Qa5 30. Qc1 f6 31. Qc3 Rec8 32. Qxa5 Rxa5 33. a3 Re8 34. Rbc1 dxe4 35.
fxe4 e5 36. d5 Bc5+ 37. Kh2 Bxb6 38. Nd6 Rf8 39. Bb5 Bxc7 40. Rxc7 Nb6 41. Rxb7
Nc8 42. Nxc8 Rxc8 43. Bd7 Rf8 44. Rc7 Ra6 45. Rc4 Kg7 46. Bxa4 Rb8 47. Rd1 Bf7
48. Bd7 Rxa3 49. Rc7 Kh6 50. Rf1 Kg7 51. Be6 Rf8 52. Rb1 Kg6 53. Rbb7 g4 54.
Bxg4 f5 55. Bxf5+ Kf6 56. Rb6+ Kg5 57. Re7 Ra1 58. Rxe5 Kf4 59. Re7 Bh5 60. Rh6
Kg5 61. Reh7 Be2 62. Rg6+ Kf4 63. Rxh4+ Ke3 64. d6 Rb8 65. e5 Rf1 66. Rg3+ Kd2
67. Rd4+ Ke1 68. d7 Rxf5 69. d8=Q Rb1 70. Qh4 Rf2 71. Qg5 Kf1 72. Rf4 Rb4 73.
Rxf2+ Kxf2 74. Qe3+ Kf1 75. Qg1# 1-0